000 00735aas a2200217 4500
999 _c3134
_d3134
003 BR-BrBNA
005 20230317233719.0
007 ta
008 230119b bl ||||| |||| 00| 0 por d
035 _a000485-5
040 _aBR-BrBNA
_bPor
_cBR-BrBNA
042 _aN
044 _abl
245 _aJornal do FUNDECITRUS (Brazil)
260 _aAraraquara-SP
_bÓrgão Informativo do Fundo Paulista de Defesa da Citricultura
_c1985. Data final de publicação em 1996
_eBSP
270 _aAv. Dr. Ademar Pereira de Barros, 201 - Vila Melhado - 14807-040
310 _amensal
505 _a1985-90 1-5(1-55); 1991 5(57); 1992 5(59-60); 1993 5(61-63); 1994 5(65,69); 1995 11(70-73); 1996 12(75);
909 _a56
_bSergio Santos
_c56
_dSergio Santos
942 _cCR
_2AGRIS